Beteiligungsfinanzierung : neue Chancen für Risikokapital : Venture Capital, Beteiligungsfonds, neue Börsensegmente /
Saved in:
| Other Authors: | |
|---|---|
| Format: | Book |
| Language: | German |
| Published: |
Wien :
Manz,
1997.
|
| Subjects: | |
| Tags: |
Add Tag
No Tags, Be the first to tag this record!
|
| LEADER | 00869nam a2200253 a 4500 | ||
|---|---|---|---|
| 001 | 007720838-2 | ||
| 005 | 20020606104010.5 | ||
| 008 | 980227s1997 au a b 001|0 ger d | ||
| 020 | |a 3214059750 | ||
| 035 | 0 | |a ocm40376812 | |
| 043 | |a e------ | ||
| 245 | 0 | 0 | |a Beteiligungsfinanzierung : |b neue Chancen für Risikokapital : Venture Capital, Beteiligungsfonds, neue Börsensegmente / |c Wilfried Stadler (Hrsg.). |
| 260 | |a Wien : |b Manz, |c 1997. | ||
| 300 | |a 216 p. : |b ill. ; |c 25 cm. | ||
| 504 | |a Includes bibliographical references and index. | ||
| 650 | 0 | |a Going public (Securities) |z Europe | |
| 650 | 0 | |a Investments |z Europe. | |
| 650 | 0 | |a Stocks |z Europe. | |
| 650 | 0 | |a Venture capital |z Europe. | |
| 650 | 0 | |a Business enterprises |z Europe |x Finance. | |
| 650 | 0 | |a New business enterprises |z Europe |x Finance. | |
| 700 | 1 | |a Stadler, Wilfried. | |
| 988 | |a 20020608 | ||
| 906 | |0 MH | ||


